000
00482nam a2200169Ia 4500
008
110201s9999 xx 000 0 und d
082
_b
B7658
_a
P 147
100
_a
पाटील दिलीप
245
_a
कोंडी
260
_b
अविष्कार प्रकाशन
365
_b
50
600
_a
पाटील दिलीप
630
_a
कोंडी
700
_a
पाटील दिलीप
730
_a
कोंडी
942
_c
BOOK
999
_c
833169
_d
833166